| 000 | 00726nam a2200205 4500 | ||
|---|---|---|---|
| 001 | 132549 | ||
| 003 | ES-MaACL | ||
| 005 | 20250728030710.0 | ||
| 007 | t| | ||
| 008 | 070214s1977 sp r ||||1| spa d | ||
| 100 | 1 |
_aRoméu Palazuelos, Enrique. _999463 |
|
| 245 | 1 | 0 |
_aRecordar_ Alicante / _c[por] Enrique Romeu Palazuelos. |
| 260 |
_aAlicante : _bCaja de Ahorros Provincial, _c1977. |
||
| 300 |
_a180 p. : _bil. ; _c22 cm. |
||
| 490 | 1 |
_aPublicaciones de la Caja de Ahorros Provincial ; _v42 |
|
| 710 | 2 |
_aCaja de Ahorros Provincial de Alicante. _92280 |
|
| 830 | 0 | 0 |
_aPublicaciones de la Caja de Ahorros Provincial de Alicante _v42 _9186986 |
| 852 |
_aES-MaACL _jA-7117 _bR.96542 |
||
| 999 |
_c132549 _d132549 |
||